000 00726nam a2200253 a 4500
001 64238
003 BD-RjUL
005 20211209081302.0
008 170212s1959 enk 001 0 eng
035 _a(BD-RjUL)64368
040 _aDLC
_cOC
_dBD-RjUL
_beng
041 _aeng
082 0 0 _a909
_223
_bPLO 1959
100 1 _aPlatt, Nathaniel.
_9190767
245 1 0 _aOur world through the ages /
_cNathaniel Platt and Muriel Jean Drummond.
250 _a2nd ed.
260 _aNew York :
_bPrentice-Hall,
_cc1959.
300 _a705 p. :
_bill. ;
_c26 cm.
500 _aIncludes index
650 0 _aWorld history.
_9174993
700 1 _aDrummond, Muriel Jean,
_ejoint author.
_9190768
942 _2ddc
_cBK
999 _c64238
_d64238